000 00677nam a2200229Ia 4500
003 OSt
005 20220926024248.0
006 a|||||r|||| 00| 0
007 ta
008 220923b |||||||| |||| 00| 0 eng d
037 _cGeneral Book
040 _aRTL
_cRTL
_beng
041 _2eng
_aeng
082 _aX9(F182).2.N95 - N94r, N5/GD
110 _aIpitata sponge iron ltd.
_9330309
245 0 _aTwelfth annual report 1994-95
260 _aOrissa
_bIpitata sponge iron ltd.
_c1956
300 _a30p.
_ccm.
700 _aIpitata sponge iron ltd.
_9330310
942 _hX9(F182).2.N95 - N94r, N5/GD
_cGB
_2CC
999 _c643557
_d643557